Antarctica / (Record no. 540)

MARC details
000 -LEADER
fixed length control field 01014cam a2200325 a 4500
003 - CONTROL NUMBER IDENTIFIER
control field data
005 - DATE AND TIME OF LATEST TRANSACTION
control field 20260322212024.0
008 - FIXED-LENGTH DATA ELEMENTS--GENERAL INFORMATION
fixed length control field data
015 ## - NATIONAL BIBLIOGRAPHY NUMBER
National bibliography number GBA580319
Source bnb
020 ## - INTERNATIONAL STANDARD BOOK NUMBER
International Standard Book Number 2080305107 (cased)
020 ## - INTERNATIONAL STANDARD BOOK NUMBER
International Standard Book Number 9782080305107 (cased)
024 3# - OTHER STANDARD IDENTIFIER
Standard number or code 9782080305107
040 ## - CATALOGING SOURCE
Original cataloging agency UKM
Transcribing agency UKM
Modifying agency OCLCQ
-- CUS
-- OHX
-- JJG
-- YDXCP
-- OCLCQ
042 ## - AUTHENTICATION CODE
Authentication code ukblsr
043 ## - GEOGRAPHIC AREA CODE
Geographic area code t------
050 #4 - LIBRARY OF CONGRESS CALL NUMBER
Classification number G860
Item number .P2413 2005
082 04 - DEWEY DECIMAL CLASSIFICATION NUMBER
Classification number 919.8900222
Edition information 22
082 04 - DEWEY DECIMAL CLASSIFICATION NUMBER
Classification number 918.900222
Edition information 22
092 ## - LOCALLY ASSIGNED DEWEY CALL NUMBER (OCLC)
Classification number 919.89 P2413 2005
001 - CONTROL NUMBER
control field data
100 1# - MAIN ENTRY--PERSONAL NAME
Personal name Paccalet, Yves.
245 10 - TITLE STATEMENT
Title Antarctica /
Statement of responsibility, etc. Yves Paccalet & Patrick de Wilde.
260 ## - PUBLICATION, DISTRIBUTION, ETC.
Place of publication, distribution, etc. London :
Name of publisher, distributor, etc. Thames & Hudson [distributor],
Place of publication, distribution, etc. London :
Name of publisher, distributor, etc. Thames & Hudson [distributor],
Date of publication, distribution, etc. 2005.
300 ## - PHYSICAL DESCRIPTION
Extent 1 v. :
Other physical details col. ill. ;
Dimensions 26 cm.
546 ## - LANGUAGE NOTE
Language note Translation of: Extrême sud, périples antarctiques.
651 #0 - SUBJECT ADDED ENTRY--GEOGRAPHIC NAME
Geographic name Antarctica
General subdivision Description and travel.
651 #0 - SUBJECT ADDED ENTRY--GEOGRAPHIC NAME
Geographic name Antarctica
General subdivision Discovery and exploration.
651 #0 - SUBJECT ADDED ENTRY--GEOGRAPHIC NAME
Geographic name Antarctica
Form subdivision Pictorial works.
700 1# - ADDED ENTRY--PERSONAL NAME
Personal name Wilde, Patrick de,
Dates associated with a name 1949-
Holdings
Withdrawn status Lost status Damaged status Not for loan Home library Current library Shelving location Date acquired Total checkouts Full call number Barcode Date last seen Price effective from Koha item type
        Troy Troy General stacks 22/03/2026   919.8900222 22 BC0010553 22/03/2026 22/03/2026 Books